De los contratos

Detalles Bibliográficos
Autor principal: Alessandri Rodrg̕uez, Arturo
Formato: eBook
Lenguaje:español
Publicado: [Chile] : Editorial jurd̕ica de Chile, 2011
Materias:
Acceso en línea:Acceso restringido

MARC

LEADER 00000nam a22000007a 4500
005 2011101709179.0
008 111017s2009 cl |||||s|||| 00||0 spa d
020 |a 956-10-1558-7 
035 |a 5789 
040 |a vLex 
090 |c 2661  |d 2661 
100 1 |a Alessandri Rodrg̕uez, Arturo 
245 1 0 |a De los contratos  |h [Recurso electrn̤ico] /  |c Arturo Alessandri Rodrg̕uez  
256 |a Servicio en ln̕ea. 
260 |a [Chile] :  |b Editorial jurd̕ica de Chile,  |c 2011 
300 |a 1 recurso electrn̤ico 
500 |a Esta obra cls̀ica en materia de contratos corresponde a la versin̤ original e inďita del profesor Alessandri. El volumen contiene tres capt̕ulos referentes a nociones generales, clasificacin̤ y elementos constitutivos de los contratos. 
506 1 |a Contenido solo disponible en los productos indicados  |d vLex Global  |d vLex Global (Academic Edition, excluding Law Schools)  |d vLex Global (U.S. Academic Edition, Law Schools)  |d vLex Global (U.S. Academic Edition, excluding Law Schools)  |d vLex Global (Academic Edition, Law Schools) 
650 0 4 |a Contratos 
650 0 4 |a Derecho civil 
740 0 |a vLex Libros (Servicio en ln̕ea) 
856 4 0 |u http://vlex.com/source/contratos-5789  |z Acceso restringido 
942 |c BOOK